LEADER 01008nam0-22003251i-450- 001 990001019250403321 010 $a3-540-10129-2 035 $a000101925 035 $aFED01000101925 035 $a(Aleph)000101925FED01 035 $a000101925 100 $a20000920d1980----km-y0itay50------ba 101 0 $aeng 200 1 $aRelaxation of Elementary Excitations$eProceedings of the Taniguchi International Symposium Susono-shi, Japan, October 12-16, 1979$fEditors: R. Kubo and E. Hanamura 210 $aBerlin [etc.]$cSpringer-Verlag$d1980 225 1 $aSpringer series in solid-state sciences$v18 300 $aWith 117 Figures. 610 0 $aEccitazione 610 0 $aSolidi 676 $a530.41 700 1$aKubo,$bRyogo$012574 702 1$aHanamura,$bEiichi 801 0$aIT$bUNINA$gRICA$2UNIMARC 901 $aBK 912 $a990001019250403321 952 $a32C-047$b12171$fFI1 959 $aFI1 996 $aRelaxation of Elementary Excitations$9355549 997 $aUNINA DB $aING01 LEADER 01176nam a22002291i 4500 001 991002710789707536 005 20030731085056.0 008 030925s1995 it |||||||||||||||||ita 035 $ab12327943-39ule_inst 035 $aARCHE-037548$9ExL 040 $aBiblioteca Interfacoltà$bita$cA.t.i. Arché s.c.r.l. Pandora Sicilia s.r.l. 100 1 $aMuserra, Anna Lucia$0411653 245 10$aCreatività strategica e generazione di valore aziendale: alcune ipotesi relative alla valutazione delle performance /$cAnna Lucia Muserra 260 $aLecce :$bUniversità degli Studi, Facoltà di economia, Istituto di ragioneria e di ricerche aziendali,$c1995 300 $a1 v. ;$c24 cm 440 0$aQuaderni dell'Istituto di ragioneria e di ricerche aziendali / Università degli Studi di Lecce, Facoltà di economia e commercio ;$v5 907 $a.b12327943$b02-04-14$c08-10-03 912 $a991002710789707536 945 $aLE002 Dir. IX D 24$g1$i2002000023346$lle002$o-$pE0.00$q-$rl$s- $t0$u0$v0$w0$x0$y.i12728330$z08-10-03 996 $aCreatività strategica e generazione di valore aziendale$9195607 997 $aUNISALENTO 998 $ale002$b08-10-03$cm$da $e-$fita$git $h0$i1